| 000 | 00359nam a2200133Ia 4500 | ||
|---|---|---|---|
| 008 | 151021s9999 xx 000 0 und d | ||
| 020 | _a9.7803902903e+012 | ||
| 050 | _aQH 308.A 2010 | ||
| 245 | _a_General Biology 1 BIOL 151 | ||
| 260 | _aU.S.A McGraw-Hill 2010 | ||
| 300 | _aiv,152p,;Ill | ||
| 650 | _a_Membranes | ||
| 980 | _a^d20120827 03:10:34^okorir | ||
| 999 |
_c12518 _d12518 |
||